Stadien, in denen ein Team die Bundesliga gewann - Statistiken

Allgemein
  • Dieses Quiz wurde 103 mal gespielt
  • Das Durchschnittsergebnis liegt bei 10 aus 14
Antwortstatistiken
Jahr Stadion % Korrekt
2006, 2008, 2010, 2013 - 2023, 2025 Allianz Arena
100%
1995, 1996, 2002, 2011, 2012 Signal Iduna Park
97%
1973, 1974, 1980, 1981, 1985, 1986, 1987, 1989, 1990, 1994, 1997, 1999, 2000, 2001, 2003, 2005 Olympiastadion München
92%
1965, 1988, 1993, 2004 Weserstadion
88%
2024 BayArena
83%
1979, 1982, 1983 Volksparkstadion
82%
1964, 1978 Müngersdorfer Stadion
78%
1991, 1998 Fritz-Walter-Stadion
77%
1984, 1992, 2007 MHPArena
77%
2009 Volkswagen Arena
72%
1968 Städtisches Stadion
56%
1970, 1971, 1975, 1976, 1977 Bökelbergstadion
49%
1967 Eintracht-Stadion
37%
1966, 1969, 1972 Grünwalder Stadion
34%
Keine übereinstimmenden Quizze gefunden
Verteilung der Resultate
Anzahl Personen mit jedem Resultat
Perzentil nach korrekt beantworteten Fragen
Ihre Resultats-Entwicklung
Sie haben dieses Quiz noch nicht gespielt